00576cam a2200193 a 4500001000400000003001000004005001700014008004100031020001800072040002500090080001700115100003900132245006700171260003800238300002000276504003600296650002300332650002700355326BR-CuiBMT20231114025411.0231025s2010 mgba 001 0 por d a9788577002894 aBR-CuiBMTcBR-CuiBMT 22007a340.131 aAmaral, Antônio Carlos Cintra do12aO positivismo jurídico /cAntônio Carlos Cintra do Amaral. aBelo Horizonte :bFórum,c2010. a122 p. ;c21 cm aInclui bibliografia e índice. aDireitoxFilosofia aPositivismo jurídico